Memoria del Ministro de Marina presentada al Congreso Nacional en 1890

Furkejuvvon:
Bibliográfalaš dieđut
Materiálatiipa: Girji
Giella:espánnjágiella
Almmustuhtton: Santiago Imprenta Nacional 1890
Preanttus:1a. ed
Fáttát:
Fáddágilkorat: Lasit fáddágilkoriid
Eai fáddágilkorat, Lasit vuosttaš fáddágilkora!

MARC

LEADER 00000cam a2200000 a 4500
001 UCE4760
003 CL-VaPUC
008 141107e18900000cl |||||||||||||||||spa|d
082 0 4 |a 351.05  |b MEM  |2 21 
245 1 0 |a Memoria del Ministro de Marina presentada al Congreso Nacional en 1890 
250 |a 1a. ed 
300 |a 459 p 
942 |c BK 
945 |d 20141107 12:15:00  |a arojas 
260 |a Santiago  |b Imprenta Nacional  |c 1890 
600 0 7 |a MINISTERIO DE GUERRA Y MARINA  |2 CL-VaPUC  |9 577249 
600 0 7 |a CONGRESO NACIONAL  |2 CL-VaPUC  |9 396553 
600 0 |a Armada de Chile  |9 340497 
600 0 |a Marina mercante  |9 389295 
650 7 |a MEMORIAS MINISTERIALES  |2 CL-VaPUC  |9 396559 
650 0 |a Historia de Chile   |9 322385 
650 0 |a Fuentes Históricas  |9 265141 
650 0 |a Balances  |9 356958 
583 |a last modification  |c 20141107 12:15:00  |k Rodrigo Vera 
999 |c 357640  |d 357638 
952 |0 0  |1 0  |3 erd  |4 0  |6 351_050000000000000_MEM_1890  |7 0  |8 X  |9 465667  |a FDOBUD  |b FDOBUD  |i 5124077  |o 351.05 MEM 1890  |p 5124077  |r 2019-11-23  |w 2019-11-23  |y BK_X  |z Catalogado en:20141107  |k BUD